书目信息 |
| 题名: |
有机硅乳液及其应用
|
|
| 作者: | 赵陈超 , 章基凯 编著 | |
| 分册: | ||
| 出版信息: | 北京 化学工业出版社 2008.09 |
|
| 页数: | 475页 | |
| 开本: | 21cm | |
| 丛书名: | ||
| 单 册: | ||
| 中图分类: | TQ264.1 | |
| 科图分类: | ||
| 主题词: | 有机硅化合物--乳液 , 有机硅化合物 , 乳液 | |
| 电子资源: | ||
| ISBN: | 978-7-122-03181-5 | |
| 000 | 00865nam0 2200265 450 | |
| 001 | 010300002633 | |
| 005 | 20140609085025.43 | |
| 010 | @a978-7-122-03181-5@dCNY39.00 | |
| 100 | @a20080827d2008 em y0chiy0110 ea | |
| 101 | 0 | @achi |
| 102 | @aCN@b110000 | |
| 105 | @aak z 000yy | |
| 106 | @ar | |
| 200 | 1 | @a有机硅乳液及其应用@9you ji gui ru ye ji qi ying yong@f赵陈超,章基凯编著 |
| 210 | @a北京@c化学工业出版社@d2008.09 | |
| 215 | @a475页@c图@d21cm | |
| 330 | @a本书在阐述有机硅乳液和乳化剂的一般知识与基本理论的基础上,深入而系统地介绍了有机硅乳液、改性有机硅乳液的制备方法、性能与应用等。 | |
| 606 | 0 | @a有机硅化合物@x乳液 |
| 606 | 0 | @a有机硅化合物 |
| 606 | 0 | @a乳液 |
| 690 | @aTQ264.1@v4 | |
| 701 | 0 | @a赵陈超@9zhao chen chao@4编著 |
| 701 | 0 | @a章基凯@9zhang ji kai@4编著 |
| 801 | 0 | @aCN@bRENTIAN@c20080827 |
| 905 | @b548037-39@dTQ264.1@e28@f3 | |
| 有机硅乳液及其应用/赵陈超,章基凯编著.-北京:化学工业出版社,2008.09 |
| 475页:图;21cm |
| ISBN 978-7-122-03181-5:CNY39.00 |
| 本书在阐述有机硅乳液和乳化剂的一般知识与基本理论的基础上,深入而系统地介绍了有机硅乳液、改性有机硅乳液的制备方法、性能与应用等。 |
| ● |
| 相关链接 |
|
|
|
|
正题名:有机硅乳液及其应用
索取号:TQ264.1/28
 
预约/预借
| 序号 | 登录号 | 条形码 | 馆藏地/架位号 | 状态 | 备注 |
| 1 | 548037 | 205480371 | 第二样本阅览室/ [索取号:TQ264.1/28] | 在馆 | |
| 2 | 548038 | 205480380 | 化学系资料室/ [索取号:TQ264.1/28] | 在馆 | |
| 3 | 548039 | 205480399 | 第三借阅区/ [索取号:TQ264.1/28] | 在馆 |